Most Popular Sports In Countries - Statistics

General Stats
  • This quiz has been taken 32 times
    8 since last reset
  • The average score is 9 of 15
Answer Stats
Hint Answer % Correct
Cuba Baseball
100%
Guyana Cricket
100%
Jamaica Cricket
100%
Australia Football
100%
Ireland Football
100%
Finalnd Hockey
100%
Austria Skiing
100%
Russia Soccer
100%
Iran Soccer
100%
Mexico Soccer
100%
Brazil Soccer
100%
Venezuela Baseball
83%
Taiwan Baseball
75%
South Africa Soccer
75%
Egypt Soccer
67%
New Zealand Rugby
60%
Turkey Soccer
60%
Latvia Basketball
50%
UAE Cricket
50%
India Cricket
50%
USA Football
50%
Canada Hockey
50%
Papua New Guinea Rugby
50%
France Soccer
50%
Bhutan Archery
40%
Philippines Baseball
33%
Thailand Soccer
33%
Mongolia Wrestling
25%
Japan Baseball
0%
Lithuania Basketball
0%
Monaco Motosports
0%
China Ping Pong
0%
Estonia Skiing
0%
UK Soccer
0%
Germany Soccer
0%
No matching quizzes found
Score Distribution
Percent of People with Each Score
Percentile by Number Answered
Your Score History
You have not taken this quiz since the last reset